000 00275nam a2200121 a 4500
001 4144
005 20140414131918.0
008 090317s19uu xx 00 eng d
050 _aER
_bEe1 1993
100 _aMilne, A. A.
245 _aEeyore has a birthday.
999 _c111628
_d111628